000 00619nam a2200229 i 4500
001 C2-0318602
003 PPAK
005 20180728114521.0
008 121011s2012 my a|||| ||||| | eng d
020 _a9789673207596
040 _aPPAK
_beng
_cPPAK
_erda
082 0 4 _a398.2
_223
090 0 0 _a398.2
_bGOO
_dK
245 0 0 _aGoodnight princess
264 1 _aPetaling Jaya, Selangor :
_bPelican Publishing ,
_c2012
300 _a155 pages :
_bcolour illustrations ;
_c23 cm
336 _2rdacontent
_atext
337 _2rdamedia
_aunmediated
338 _2rdacarrier
_avolume
650 1 0 _aTales
942 _ddc
_cB
999 _c119547
_d119547